Public Finance and the American Economy (Record no. 2374)

MARC details
000 -LEADER
fixed length control field 00519nam a2200157Ia 4500
008 - FIXED-LENGTH DATA ELEMENTS--GENERAL INFORMATION
fixed length control field 230312s9999||||xx |||||||||||||| ||und||
020 ## - INTERNATIONAL STANDARD BOOK NUMBER
International Standard Book Number 0-321-01167-8
082 ## - DEWEY DECIMAL CLASSIFICATION NUMBER
Classification number 336.73
Item number BRU
100 ## - MAIN ENTRY--PERSONAL NAME
Personal name Neil Bruce
245 #0 - TITLE STATEMENT
Title Public Finance and the American Economy
260 ## - PUBLICATION, DISTRIBUTION, ETC.
Name of publisher, distributor, etc. Addison -Wesely
Place of publication, distribution, etc. Massachusetts
Date of publication, distribution, etc. 1998
300 ## - PHYSICAL DESCRIPTION
Extent 691
546 ## - LANGUAGE NOTE
Language note Eng.
650 ## - SUBJECT ADDED ENTRY--TOPICAL TERM
Topical term or geographic name entry element Economics
Form subdivision Role hof Government in a market Economy, Government and Allocation of Resource
942 ## - ADDED ENTRY ELEMENTS (KOHA)
Koha item type BOOK

No items available.

Powered by Koha